Statistics for Gold things image quiz

Click here to take the quiz!

General Stats

  • This quiz has been taken 53 times
  • The average score is 7 of 12

Answer Stats

Answer% Correct
Goldfish
100%
Golden Gate Bridge
89%
Golden retriever
87%
Gold mine
78%
Gold nugget
70%
Golden Eagle
57%
Gold Coast
48%
The Golden State
48%
Golden Russet apple
41%
Gold leaf
28%
Portrait of Adele Bloch-Bauer I
9%
The Golden Temple of Amritsar
9%

Score Distribution

Percentile by Number Answered

Percent of People with Each Score

Your Score History

You have not taken this quiz